Muerte de una ninfómana: cuatro novelas cortas

Saved in:
Bibliografiske detaljer
Hovedforfatter: Délano, Poli (autor)
Format: Bog
Sprog:spansk
Udgivet: Santiago Lom 1996
Udgivelse:1a. ed
Fag:
Tags: Tilføj Tag
Ingen Tags, Vær først til at tagge denne postø!

MARC

LEADER 00000nam a2200000 a 4500
001 UCG7351
003 CL-VaPUC
008 110727e19960000CL |||||||||||||||||spa|d
020 |a 9567369941 
082 0 4 |a Ch863  |b DEL  |2 21 
100 |a Délano, Poli  |e autor  |9 316203 
245 1 0 |a Muerte de una ninfómana: cuatro novelas cortas 
250 |a 1a. ed 
300 |a 170 p 
942 |c BK 
945 |d 20110727 00:00:00  |a dcastane 
260 |a Santiago  |b Lom  |c 1996 
650 0 |a Cuentos chilenos   |9 308280 
650 0 |a Literatura chilena   |9 308278 
583 |a last modification  |c 20110727 00:00:00  |k Rodrigo Vera 
999 |c 345369  |d 345367